| 000 | 01102nam a22003257a 4500 | ||
|---|---|---|---|
| 003 | CHAP | ||
| 005 | 20220329135245.0 | ||
| 008 | 971013s1974 r 00010 d | ||
| 010 | _a33380 | ||
| 011 | _a34352 | ||
| 035 | _a38468 | ||
| 040 | _cCHAP | ||
| 090 | _aTesis | ||
| 100 | 0 | 0 |
_aMayagoitia Saldaña, Juan. _973206 |
| 245 | _aEstudio agrológico semidetallado-proyecto de riego por bombeo del Ejido Tecopilco, municipio de Huamantla, estado de Tlaxcala | ||
| 260 |
_aCd. Juárez, Chih. : _bEl autor, _c1974 |
||
| 300 |
_a64 h. _b: ilus |
||
| 502 | _aTesis (Ing. Agrónomo) -- Esc. Superior de Agricultura Hermanos Escobar | ||
| 590 |
_aALEPH _b10 _c20130110 _lUCH01 _h1258 |
||
| 590 |
_aBATCH-UPD _b10 _c20130110 _lUCH01 _h1106 |
||
| 590 |
_aBATCH-UPD _b10 _c20130410 _lUCH01 _h0658 |
||
| 590 |
_aBATCH-UPD _b10 _c20130914 _lUCH01 _h1611 |
||
| 590 |
_aCONVERSION _b10 _c20130109 _lUCH01 _h1319 |
||
| 650 | 1 | 4 |
_aEjido Tecopilco, Tlax. _935992 |
| 650 | 1 | 4 |
_aIngeniería. _958173 |
| 650 | 1 | 4 |
_aSuelos _zTlaxcala. _9110529 |
| 901 | _aBK | ||
| 942 | _cTESIS | ||
| 949 |
_bBC _cTES _d-87953 _eTS1 _i38468 _si |
||
| 999 |
_c33380 _d33380 |
||